000 00776cam a22002054a 4500
005 20250605164217.0
008 250528s ||||||||||||||||||||||||d
035 _a20497
020 _a312003064
040 _aGR-AtMCL
_bgre
_dGR-AtMCL
_eAACR2
245 1 _aReadings in World Civilizations / Volume 1: The Great Traditions
260 _bSt Martin Press,
_c1988
300 _a354
505 0 _aPreface, Introduction, The Ancient World: to 1000 B.C., The Classical World: 1000 B.C. to A.D. 500, The Traditional World: 500 to 1500.
520 _aPreface, Introduction, The Ancient World: to 1000 B.C., The Classical World: 1000 B.C. to A.D. 500, The Traditional World: 500 to 1500.
700 1 _aReilly Kevin
_96483
942 _cBK
999 _c5599
_d5599